| 000 | 00836nam a22002057a 4500 | ||
|---|---|---|---|
| 999 |
_c16889 _d16889 |
||
| 003 | AR-CdUCM | ||
| 008 | 190506b ||||| |||| 00| 0 spa d | ||
| 040 |
_aMUNICIPALIDAD PROVINCIAL DEL CUSCO _cBIBLIOTECA MUNICIPAL DEL CUSCO |
||
| 082 |
_22ed. _a331.8802 / _bC66 |
||
| 100 |
_aCiudad Reynaud, Adolfo _936617 |
||
| 245 | _aManual de sindicalismo / | ||
| 260 |
_aPerú : _bDESCO, _c1977. |
||
| 300 |
_a257 páginas ; _c18 cm. |
||
| 505 | _aContenido: ¿Cuando se puede presentar una denuncia? -- ¿Ante quien se presenta la denuncia? -- ¿Quienes pueden denunciar? -- Otorgamiento de poder -- ¿Que normas debemos observar cuando acudimos al ministerio? -- Las notificaciones ... | ||
| 650 |
_aSindicalismo _95257 |
||
| 650 |
_aEstabilidad laboral _936618 |
||
| 650 |
_aPerú _935 |
||
| 942 |
_2ddc _cLIBROS |
||
| 945 |
_aachl _d2019-05-06 |
||